000 00405nam a2200157 i 4500
001 bg
100 1 _aSuschka, Jan.
245 1 0 _aUrządzenia do natleniania ścieków /
_cJ. Suschka, J. Zieliński, E. Glajcar.
260 _aWarszawa,
_c1979.
700 1 _aZieliński, Jerzy.
700 1 _aGlajcar, Erwin.
040 _cBPK
041 _apol
942 _cKS
008 s pl f |000 0 pol
999 _c2786
_d2786
856 _uhttp://koha.tu.koszalin.pl/cgi-bin/koha/opac-detail.pl?biblionumber=2786
_yKatalog online BPK